00536 2200205 4500001002100000005001500021035002000036007000300056008004100059020002200100082001500122084002100137100001700158245003500175260004300210300003600253650001100289651001000300990002000310INLIS00000000000300220260512083619 a0010-0526000093ta260512 g 0 ind  a978-602-412-508-0 a303.695 12 a303.695 12 PEK p1 aPekey, Frans1 aPapua Mencari Jalan Perdamaian aJakarta :bPenerbit Buku Kompas,c2018 axxiii + 378 hlm. ;c15 x 23 cm. 4aSosial 4aPapua a20260518.06.009